000 00524nam a22001937a 4500
003 NUST - PNEC
005 20170116180749.0
008 150305b xxu||||| |||| 00| 0 eng d
020 _a9789332500334
020 _a9780132834872
040 _cLIBRARY
082 _a658.3 ROB
100 _91611
_aRobbins Stephen P
245 _aOrganizational behavior
_cStephen P Robbins; Timothy A Judge; Neharika Vohra
250 _a15th ed.
260 _aNew Delhi
_bPearson
_cc2013.
300 _axxxvi, 672 p.
942 _2ddc
_cBK
999 _c62497
_d62497